[Event "49th Bosna Tournament 2019"]
[Site "Sarajevo/"]
[Date "2019.04.30"]
[Round "6.7"]
[White "Maksimovic, Bojan"]
[Black "Savanovic, Aleksandar"]
[Result "1/2-1/2"]
[WhiteElo "2288"]
[BlackElo "2423"]
[Annotator "NA RC"]
[PlyCount "59"]
[EventDate "2019.03.31"]
[EventType "swiss"]
[EventCountry "BIH"]
[SourceTitle "playchess.com"]
[Source "ChessBase"]
[SourceQuality "1"]
[TimeControl "40/5400+30:1800+30"]

1. e4 e5 2. Nf3 Nc6 3. Bb5 a6 4. Ba4 Nf6 5. O-O Be7 6. Re1 b5 7. Bb3 d6 8. c3 O-O 9. h3 Na5 10. Bc2 c5 11. d4 Qc7 12. d5 Bd7 13. Nbd2 g6 14. Nf1 Nh5 15. Bh6 Ng7 16. Ng3 Nb7 17. b3 Nd8 18. a4 Rb8 19. axb5 axb5 20. b4 f6 21. bxc5 Qxc5 22. Qd2 Nf7 23. Be3 Qc7 24. Ra7 Rb7 25. Rea1 Rfb8 26. Rxb7 Rxb7 27. Ra8+ Rb8 28. Ra7 Rb7 29. Ra8+ Rb8 30. Ra7 1/2-1/2

[Event "49th Bosna Tournament 2019"]
[Site "Sarajevo/"]
[Date "2019.04.30"]
[Round "6.8"]
[White "Subelj, Jan"]
[Black "Tarun Kanyamarala"]
[Result "1-0"]
[WhiteElo "2407"]
[BlackElo "2070"]
[Annotator "ChessBase"]
[PlyCount "83"]
[EventDate "2019.03.31"]
[EventType "swiss"]
[EventCountry "BIH"]
[SourceTitle "playchess.com"]
[Source "ChessBase"]
[SourceQuality "1"]
[TimeControl "40/5400+30:1800+30"]

1. e4 {[%emt 0:00:06]} c6 {[%emt 0:00:00]} 2. d4 {[%emt 0:00:27]} d5 {[%emt 0:00:00]} 3. f3 {[%emt 0:00:43]} e6 {[%emt 0:01:26]} 4. Nc3 {[%emt 0:00:40]} Bb4 {[%emt 0:00:44]} 5. Bf4 {[%emt 0:01:05]} Ne7 {[%emt 0:01:09]} 6. a3 {[%emt 0:02:48]} Ba5 {[%emt 0:01:06]} 7. Qd3 {[%emt 0:07:02]} Nd7 {[%emt 0:05:18]} 8. Nge2 {[%emt 0:02:21]} O-O {[%emt 0:01:22]} 9. Bd6 {[%emt 0:10:52]} Bc7 {[%emt 0:03:35]} 10. Bxc7 {[%emt 0:01:07]} Qxc7 {[%emt 0:00:05]} 11. g3 {[%emt 0:01:20]} c5 {[%emt 0:03:47]} 12. exd5 {[%emt 0:00:06]} exd5 {[%emt 0:00:12]} 13. Bg2 {[%emt 0:01:20]} Nf6 {[%emt 0:10:44]} 14. O-O {[%emt 0:03:40]} Bf5 {[%emt 0:00:54]} 15. Qd2 {[%emt 0:00:17]} Rad8 {[%emt 0:02:32]} 16. Rad1 {[%emt 0:06:56]} Nc6 {[%emt 0:05:55]} 17. dxc5 {[%emt 0:02:08]} d4 {[%emt 0:01:36]} 18. Nb5 {[%emt 0:00:55]} Qe5 {[%emt 0:01:47]} 19. Nbxd4 {[%emt 0:02:06]} Qxc5 {[%emt 0:02:30]} 20. Kh1 {[%emt 0:02:03]} Rfe8 {[%emt 0:01:02]} 21. Qg5 {[%emt 0:08:38]} Nxd4 {[%emt 0:06:36]} 22. Nxd4 {[%emt 0:00:15]} Rxd4 {[%emt 0:00:12]} 23. b4 {[%emt 0:01:06]} Qd6 {[%emt 0:01:33]} 24. Rxd4 {[%emt 0:00:08]} Qxd4 {[%emt 0:00:04]} 25. Qxf5 {[%emt 0:00:06]} Qc3 {[%emt 0:00:54]} 26. Qd3 {[%emt 0:08:28]} Re3 {[%emt 0:14:47]} 27. Qxc3 {[%emt 0:04:44]} Rxc3 {[%emt 0:01:06]} 28. f4 {[%emt 0:01:19]} b6 {[%emt 0:01:35]} 29. Rc1 {[%emt 0:01:30]} b5 {[%emt 0:07:56]} 30. Bf1 {[%emt 0:03:41]} a6 {[%emt 0:03:12]} 31. Rd1 {[%emt 0:07:59]} Kf8 {[%emt 0:00:45]} 32. Rd8+ {[%emt 0:00:22]} Ke7 {[%emt 0:00:06]} 33. Ra8 {[%emt 0:00:04]} Rxa3 {[%emt 0:02:13]} 34. Bxb5 {[%emt 0:00:11]} Ra1+ {[%emt 0:01:30]} 35. Kg2 {[%emt 0:00:01]} Rb1 {[%emt 0:00:08]} 36. Ra7+ {[%emt 0:01:06]} Kf8 {[%emt 0:00:22]} 37. Bc4 {[%emt 0:02:35]} Rxb4 {[%emt 0:00:23]} 38. Bb3 {[%emt 0:00:06]} Ke8 {[%emt 0:00:58]} 39. Bxf7+ {[%emt 0:00:09]} Kf8 {[%emt 0:00:17]} 40. Bb3 {[%emt 0:00:00]} Rb6 {[%emt 0:00:00]} 41. Rf7+ {[%emt 0:01:39]} Ke8 {[%emt 0:00:14]} 42. Rxg7 {[%emt 0:00:04]} 1-0

[Event "49th Bosna Tournament 2019"]
[Site "Sarajevo/"]
[Date "2019.04.30"]
[Round "6.9"]
[White "Buljubasic, Sabahudin"]
[Black "Ozen, Deniz"]
[Result "1-0"]
[WhiteElo "2347"]
[BlackElo "2403"]
[Annotator "ChessBase"]
[PlyCount "75"]
[EventDate "2019.03.31"]
[EventType "swiss"]
[EventCountry "BIH"]
[SourceTitle "playchess.com"]
[Source "ChessBase"]
[SourceQuality "1"]
[TimeControl "40/5400+30:1800+30"]

1. e4 e6 2. d4 d5 3. Nc3 Nf6 4. e5 Nfd7 5. Nce2 c5 6. c3 Nc6 7. Nf3 Qa5 8. Bf4 b5 9. dxc5 Bxc5 10. b4 Nxb4 11. cxb4 Bxb4+ 12. Bd2 O-O 13. Ned4 a6 14. Bxb4 Qxb4+ 15. Qd2 Qe7 16. Nc6 Qe8 17. Rc1 f6 18. Bd3 Bb7 19. Na5 Rb8 20. exf6 Nxf6 21. Rc7 Ba8 22. O-O Ne4 23. Qe3 Qd8 24. Rfc1 Qf6 25. Nc6 Rb7 26. Nce5 Qd8 27. Rxb7 Bxb7 28. h3 h6 29. Qa7 Nd6 30. Qd4 Nc4 31. Bb1 Nd6 32. Qg4 Nf5 33. Ng6 Rf6 34. Nf4 Qd6 35. Re1 Bc8 36. Nh5 Rf7 37. Ne5 Rc7 38. Nf6+ 1-0

[Event "49th Bosna Tournament 2019"]
[Site "Sarajevo/"]
[Date "2019.05.01"]
[Round "7.1"]
[White "Sadikhov, Ulvi"]
[Black "Brkic, Ante"]
[Result "1/2-1/2"]
[WhiteElo "2479"]
[BlackElo "2560"]
[Annotator "TA"]
[PlyCount "108"]
[EventDate "2019.03.31"]
[EventType "swiss"]
[EventCountry "BIH"]
[SourceTitle "playchess.com"]
[Source "ChessBase"]
[SourceQuality "1"]

{[%evp 16,108,8,0,0,0,10,11,17,10,13,10,17,0,20,20,29,27,26,0,15,4,9,6,13,-50,-41,-33,-50,-44,-18,-20,-22,-22,-16,-14,-20,-164,-162,-135,-93,-90,-44,-44,-44,-44,-43,-47,-47,-43,-45,-50,-64,-119,-104,-85,-94,-330,-330,-322,-320,-313,0,0,0,0,0,0,0,0,0,-17,-17,-17,0,0,0,-8,0,0,0,-8,-6,-8,-8,-8,0,0,0,-8,-8,-8,-8,-8,-8]} 1. e4 e5 2. Nf3 Nc6 3. Bb5 a6 4. Ba4 Nf6 5. d3 d6 6. c4 g6 7. O-O Bg7 8. Nc3 {[%cal Bb1c3,Bc3e2,Be2g3,Bg3e4][%mdl 32]} O-O 9. h3 Nd4 {C77: Ruy Lopez: 3...a6 4 Ba4 Nf6, unusual lines} (9... Nd7 10. Bg5 f6 11. Be3 f5 12. exf5 gxf5 13. Bg5 Nf6 14. Re1 Ne7 15. c5 Kh8 16. cxd6 cxd6 17. Qd2 {1-0 (42) Alekseenko,K (2594)-Smeets,J (2608) chess.com INT 2018}) 10. Nxd4 exd4 11. Ne2 Nd7 12. b4 a5 13. Bxd7 Bxd7 14. b5 f5 15. exf5 $146 ({Predecessor:} 15. f3 fxe4 16. fxe4 Rxf1+ 17. Qxf1 {½-½ (86) Green,P (2077)-Pinchon,F (2202) ICCF email 2016}) 15... Bxf5 16. Ng3 Be6 17. Ne4 d5 18. Bg5 Qc8 19. cxd5 Bxd5 20. Qg4 (20. a4 $11) 20... Qxg4 $15 21. hxg4 Bxe4 22. dxe4 Rfe8 23. Rac1 Rac8 24. Bd2 Rxe4 {Threatening ...a4.} 25. Bxa5 c5 {And now ...c4 would win.} 26. Rc4 (26. bxc6 $1 $11 {and White has nothing to worry.} bxc6 27. Rc4) 26... Re2 27. a4 d3 {...Ra8 is the strong threat.} 28. Rd1 Rc2 29. Rxc2 dxc2 {[%mdl 4096] Endgame KRB-KRB} 30. Rc1 $1 Ra8 31. Bb6 Rxa4 {White must now prevent ...Ra1.} 32. Rxc2 c4 33. Rd2 Bf6 34. Be3 (34. Rd5 $1 $15) 34... c3 $1 $17 35. Rd5 b6 $1 36. g5 $2 {[#]} (36. Kf1 $17) 36... Be7 $1 $19 37. Rd3 {[#]} Rc4 $1 38. Kf1 Bc5 $2 ({Better is} 38... c2 $19 39. Bc1 Rh4) 39. Bc1 $11 {The position is equal.} Kf7 40. Ke2 Ke6 41. Rh3 Ra4 42. Rxc3 Ra2+ 43. Kd1 Rxf2 44. Rh3 $1 Kd5 45. Rxh7 Kc4 46. Rh4+ Kd3 {[%cal Rf2f1]} 47. Rh3+ Kc4 48. Rh4+ Kxb5 49. Rh6 Rxg2 50. Rxg6 Bd4 51. Re6 Kc4 52. Be3 Bxe3 53. Rxe3 Rxg5 54. Kc2 Rg2+ {Accuracy: White = 58%, Black = 62%.} 1/2-1/2

[Event "49th Bosna Tournament 2019"]
[Site "Sarajevo/"]
[Date "2019.05.01"]
[Round "7.2"]
[White "Kadric, Denis"]
[Black "Kjartansson, Gudmundur"]
[Result "1/2-1/2"]
[WhiteElo "2542"]
[BlackElo "2444"]
[Annotator "TA"]
[PlyCount "100"]
[EventDate "2019.03.31"]
[EventType "swiss"]
[EventCountry "BIH"]
[SourceTitle "playchess.com"]
[Source "ChessBase"]
[SourceQuality "1"]

{[%evp 9,100,-16,3,-1,4,-2,31,13,21,14,27,21,28,27,26,32,18,0,19,0,0,0,0,0,29,-32,-25,-22,-38,-45,-6,0,0,0,0,-22,-45,-47,-17,-22,0,-6,0,0,50,50,58,53,64,53,75,60,64,60,60,48,48,45,70,70,77,55,83,74,113,52,54,52,55,54,64,21,54,8,8,8,8,8,8,0,0,0,0,0,0,0,0,0,0,0,0,0,0]} 1. e4 e5 2. Nf3 Nc6 3. d3 Nf6 4. Be2 d5 5. Nbd2 g6 6. c3 {C44: Ponziani Opening and Scotch Gambit} Bg7 7. b4 a6 8. O-O {White is slightly better.} O-O 9. Bb2 Re8 10. Re1 (10. a4 Bg4 11. b5 Na5 12. h3 Bxf3 13. Bxf3 dxe4 14. dxe4 {½-½ (74) Movsesian,S (2653)-Wang,Y (2718) Huaian 2016}) 10... b6 11. Bf1 Bb7 12. a4 Nb8 $146 ({Predecessor:} 12... Qd7) 13. Qb3 Nbd7 14. Rad1 c5 15. exd5 Nxd5 16. Ne4 {Black must now prevent Nd6.} Qc7 (16... Nc7 {seems wilder.} 17. a5 bxa5 18. bxc5 Rb8 19. Qa3 Bd5) 17. bxc5 (17. d4 $11 exd4 18. cxd4 cxd4 19. Bc4 (19. Bxd4 Bxd4 20. Rxd4 N7f6 $11)) 17... Nxc5 $15 18. Nxc5 bxc5 ({Don't play} 18... Qxc5 $6 {[#]} 19. Nxe5 $1 {[%mdl 512]} Qc7 20. d4 $16) 19. d4 exd4 20. cxd4 Rxe1 21. Rxe1 {Threatening dxc5.} Qb6 22. Bc4 Qxb3 23. Bxb3 Rb8 {With the idea ...Nc7.} 24. Ba1 Nc3 25. Ng5 Bxd4 26. Bxf7+ Kh8 27. Ne6 Ne2+ 28. Kf1 Bxa1 $1 29. Rxa1 Bd5 30. Nxc5 (30. Kxe2 {is more complex.} Bxe6 31. Bxe6 Re8 32. Kd3 Rxe6 33. Kc4) 30... Ng3+ 31. hxg3 Bxf7 $14 {[%mdl 4096] Endgame KRB-KRN} 32. a5 Bc4+ 33. Kg1 Kg7 34. Rc1 Rb4 35. f3 Bb5 36. g4 g5 37. Rc2 ({White should try} 37. Ne4 $16) 37... Rb1+ 38. Kf2 Ra1 39. Nb7 Ra3 40. g3 Kf6 41. f4 h5 {The position is equal.} 42. gxh5 gxf4 43. gxf4 {White wants to play Rc7.} Kf5 44. Nd6+ Kxf4 45. Nxb5 axb5 $11 {KR-KR} 46. h6 {[#] And now h7 would win.} Rxa5 47. Rc8 Ra2+ 48. Kg1 Ra7 49. Rb8 Rh7 50. Rxb5 Rxh6 {Accuracy: White = 45%, Black = 61%.} 1/2-1/2

[Event "49th Bosna Tournament 2019"]
[Site "Sarajevo/"]
[Date "2019.05.01"]
[Round "7.3"]
[White "Predojevic, Borki"]
[Black "Subelj, Jan"]
[Result "1-0"]
[WhiteElo "2621"]
[BlackElo "2407"]
[Annotator "TA"]
[PlyCount "83"]
[EventDate "2019.03.31"]
[EventType "swiss"]
[EventCountry "BIH"]
[SourceTitle "playchess.com"]
[Source "ChessBase"]
[SourceQuality "1"]

{[%evp 19,83,13,27,9,66,61,77,46,59,61,67,67,86,37,41,45,43,28,30,16,15,13,37,0,0,0,33,13,51,46,59,56,79,0,28,29,93,67,80,77,70,79,83,85,85,63,53,72,56,64,156,153,167,181,262,262,288,0,213,0,297,277,300,310,307,296]} 1. c4 e6 2. Nf3 Nf6 3. Nc3 d5 4. e3 c5 5. d4 Nc6 6. cxd5 Nxd5 7. Bd3 Be7 8. O-O cxd4 9. exd4 O-O 10. Re1 Re8 11. a3 {D42: Queen's Gambit Declined: Semi-Tarrasch: 5 cxd5 Nxd5 6 e3 Nc6 7 Bd3} Nxc3 (11... Bf6 $11) (11... Bd7 12. Bb1 g6 13. Ba2 Nxc3 14. bxc3 Bf6 15. Nd2 Na5 16. Ne4 Bc6 17. Nxf6+ Qxf6 18. c4 b5 19. cxb5 {0-1 (66) Saric,A (2536)-Krishna Teja,N (2371) Seville 2019}) 12. bxc3 $14 b6 $146 ({Predecessor:} 12... Bf6 13. Be4 Bd7 14. Bf4 Rc8 15. Qb1 g6 16. Qxb7 Na5 17. Qxa7 Bb5 18. Be5 Bxe5 19. dxe5 Rxc3 {1-0 (33) Provotorov,I (2396)-Demianjuk,A (2312) Voronezh 2011}) 13. h4 {White is better.} Bb7 14. Ng5 $1 Bxg5 $1 15. Bxg5 Qd7 16. Qg4 {And now Bf6 would win.} f5 17. Qg3 Na5 18. Re3 Rac8 19. Rae1 Bd5 20. Ba6 Ra8 21. Bd3 Rac8 22. Ba6 Ra8 23. Be2 Qf7 24. Bf4 Bc4 25. Bf3 Bd5 26. Be2 ({White should try} 26. h5 $16) 26... Bc4 $1 $11 27. Bd1 Bb3 {[#]} (27... Bd5 $11 {remains equal.}) 28. Bxb3 $1 $16 Nxb3 29. Qf3 {Hoping for Rxe6!} Nd2 30. Qe2 $1 $36 {[%cal Re2d2][%mdl 2048] White is on the roll.} Ne4 {[%cal Bd2e4,Be4f6,Bf6d5][%mdl 32]} 31. f3 Nf6 {White must now prevent ...Nd5.} 32. Rxe6 Rxe6 33. Qxe6 Qxe6 34. Rxe6 {[%mdl 4096] Endgame KRB-KRN} Nd5 {[#]} ({Black should play} 34... Rc8 $14) 35. Be5 $1 b5 36. Rc6 Kf7 (36... Rd8 $142 37. Rc5 Rd7) 37. Rc5 $18 Ke6 38. Rc6+ Kf7 39. Rc5 Ke6 40. Rxb5 {White has a decisive advantage.} Rc8 41. Ra5 Rxc3 42. Ra6+ {Accuracy: White = 69%, Black = 40%.} ({Much less strong is} 42. Bxg7 Rc7 $18) 1-0

[Event "49th Bosna Tournament 2019"]
[Site "Sarajevo/"]
[Date "2019.05.01"]
[Round "7.4"]
[White "Burovic, Rijad"]
[Black "Kozul, Zdenko"]
[Result "0-1"]
[WhiteElo "2393"]
[BlackElo "2589"]
[Annotator "TA"]
[PlyCount "76"]
[EventDate "2019.03.31"]
[EventType "swiss"]
[EventCountry "BIH"]
[SourceTitle "playchess.com"]
[Source "ChessBase"]
[SourceQuality "1"]

{[%evp 14,84,33,0,28,0,0,0,0,0,0,-28,25,23,20,-12,-6,-24,-16,-15,-16,-8,0,-75,-88,-84,-86,-73,-81,-92,181,196,198,199,191,177,272,279,533,536,455,108,103,97,75,81,99,94,127,130,114,110,127,0,0,-605,-671,-924,-946,-816,-757,-942,-910,-805,-740,-1340,-1366,-1511,-1511,-1537,-1204,-1150,-1077]} 1. e4 c5 2. Nc3 e6 3. Nf3 a6 4. d4 cxd4 5. Nxd4 d6 6. Bd3 Nf6 7. O-O Be7 8. Kh1 Nc6 {B42: Sicilian: Kan Variation: 5 Bd3} (8... O-O 9. f4 Qc7 10. Qf3 Nc6 11. Nxc6 bxc6 12. b3 d5 13. Bb2 a5 14. e5 Nd7 15. Qh3 g6 16. Nd1 Ba6 17. Ne3 Bxd3 18. cxd3 {1-0 (76) Djukic,N (2538)-Zhigalko,A (2588) Cappelle-la-Grande 2013}) 9. Nb3 b5 10. f4 Bb7 {The position is equal.} 11. Qf3 O-O 12. Qh3 g6 $146 (12... b4 $142 13. Ne2 a5) ({Predecessor:} 12... e5 13. Nd5 Bc8 14. f5 Nxd5 15. exd5 {1-0 (30) Zemtsov,R-Sorokin,G Soviet Union 1966}) 13. Be3 h5 14. a4 Nb4 15. Nd4 Nxd3 16. cxd3 b4 17. Nce2 Ng4 18. f5 (18. Bg1 $11) 18... e5 $17 19. Ne6 fxe6 20. fxg6 Bh4 $1 {...Qe7 is the strong threat.} ({Worse is} 20... Nxe3 21. Qxh5 $1 {[%mdl 512]} Rxf1+ 22. Rxf1 Nxf1 23. Qh7+ Kf8 24. Qh8#) 21. Rxf8+ {[%mdl 64] Overworked Piece} Qxf8 $4 {[%mdl 8192]} (21... Kxf8 $17 {stays on course.} 22. Rf1+ Kg7) 22. Qxh4 $18 Nxe3 23. Qxh5 {[%csl Gg6][%cal Rh5h7]} Qe7 24. Qh3 $1 Nd5 ({Don't go for} 24... Nc2 $2 25. Rf1 $18) (24... Bc6 {keeps fighting.} 25. Qxe3 Be8) 25. exd5 {And now Rf1 would win.} Bxd5 $2 (25... Rf8 26. Qxe6+ Qxe6 27. dxe6 Kg7) 26. Rf1 Qg7 27. Qg4 $2 (27. Qh5 $1 $18 {and the rest is easy.}) 27... Rf8 $16 28. Rxf8+ $1 Qxf8 29. Qh3 {[%csl Gg6][%cal Rh3h7]} Qg7 30. Qh5 $1 Bc6 31. Qg4 Qf6 {[#]} 32. Ng3 $1 Be8 {[#]} 33. Qxb4 (33. h4 $1 $16) 33... Qf2 $1 $11 {Hoping for ...Bc6!} 34. d4 $2 {[%mdl 8192] [#]} (34. Qa5 $11) 34... Bc6 $1 $19 {[%csl Gf2][%cal Rc6g2][%mdl 512] Black is clearly winning.} 35. Qb8+ {[#]} Kg7 $1 {[%csl Gf2][%cal Rc6g2][%mdl 512]} 36. Nh5+ Kxg6 {[%csl Gf2][%cal Rc6g2]} 37. Nf4+ Qxf4 {[%cal Rf4f1]} 38. Qg8+ {[#]} Kh6 {Played: Kg6-h5} 0-1

[Event "49th Bosna Tournament 2019"]
[Site "Sarajevo/"]
[Date "2019.05.01"]
[Round "7.5"]
[White "Djukic, Nikola"]
[Black "Buljubasic, Sabahudin"]
[Result "1/2-1/2"]
[WhiteElo "2566"]
[BlackElo "2347"]
[Annotator "TA"]
[PlyCount "96"]
[EventDate "2019.03.31"]
[EventType "swiss"]
[EventCountry "BIH"]
[SourceTitle "playchess.com"]
[Source "ChessBase"]
[SourceQuality "1"]

{[%evp 10,96,-13,-6,13,1,8,-10,20,27,27,30,24,5,25,15,23,0,0,0,0,0,0,0,0,0,0,6,2,6,2,0,0,0,0,0,0,0,0,-27,-27,-19,-19,-23,-25,-22,0,-68,-72,-75,-25,-23,-24,-36,-25,-42,-19,-28,-15,-19,0,-51,-26,-16,0,-24,-16,-64,-14,-15,0,-41,-42,-54,-63,-118,-43,-43,-43,-43,-36,-35,-2,-37,0,-30,0,-44,0]} 1. g3 Nf6 2. Bg2 d5 3. c4 c6 4. Qc2 g6 5. b3 Bg7 6. Bb2 O-O {A11: English Opening: 1...c6} 7. Nf3 a5 8. a3 Na6 {The position is equal.} 9. d3 Re8 10. Nbd2 {[%cal Bb1d2,Bd2e4,Be4d6][%mdl 32]} Bg4 11. Ne5 $146 ({Predecessor:} 11. O-O Bxf3 12. Nxf3 Nd7 13. Bxg7 Kxg7 {½-½ (42) Csom,I (2478)-Zierke,O (2297) Germany 2001}) 11... Bf5 12. O-O Qd6 13. e4 (13. Nef3 {keeps more tension.} e5 14. e4 dxe4 15. dxe4 Bg4 16. h3) 13... dxe4 14. dxe4 Nxe4 15. Nxe4 Bxe5 16. Nxd6 {[%mdl 64] [#] Discovered Attack} Bxc2 17. Nxe8 Bxb2 18. Ra2 Bxb3 19. Rxb2 {aiming for Nc7.} a4 20. Rc1 Rxe8 21. c5 Nc7 22. Bf1 Ne6 23. Rd2 Kf8 24. f4 Ra8 25. Rd7 Rb8 26. Bh3 f5 $1 27. Rd3 Ra8 28. Kf2 (28. Rd7 $11) 28... Ra5 $15 29. Rdc3 Kf7 30. Bf1 Kf6 31. Ke3 h6 32. Bd3 h5 33. Be2 Kg7 34. Kd2 Kf6 35. Bd3 ({Better is} 35. Ke3 $11) 35... Bd5 36. Ke3 Bb3 37. h3 Bd5 38. Bf1 Kf7 39. Be2 Kf6 40. g4 h4 41. gxf5 gxf5 42. Bh5 {[#]} ({White should try} 42. Bd3 $15) 42... Ng7 (42... Rb5 $1 $17 43. Rg1 Nf8) 43. Bf3 Bxf3 44. Kxf3 Ne6 45. Rc4 Kf7 46. Re1 Kf6 47. Rec1 $1 Kf7 48. Re1 Kf6 {Accuracy: White = 57%, Black = 40%.} 1/2-1/2

[Event "49th Bosna Tournament 2019"]
[Site "Sarajevo/"]
[Date "2019.05.01"]
[Round "7.6"]
[White "Klasan, Vladimir"]
[Black "Nestorovic, Nikola"]
[Result "1/2-1/2"]
[WhiteElo "2366"]
[BlackElo "2473"]
[Annotator "ChessBase"]
[PlyCount "77"]
[EventDate "2019.03.31"]
[EventType "swiss"]
[EventCountry "BIH"]
[SourceTitle "playchess.com"]
[Source "ChessBase"]
[SourceQuality "1"]
[TimeControl "40/5400+30:1800+30"]

1. e4 {[%emt 0:00:00]} e5 {[%emt 0:00:00]} 2. Nf3 {[%emt 0:00:00]} Nc6 {[%emt 0:00:00]} 3. d4 {[%emt 0:00:00]} exd4 {[%emt 0:00:00]} 4. Nxd4 {[%emt 0:00:03]} Nf6 {[%emt 0:00:12]} 5. Nxc6 {[%emt 0:00:11]} bxc6 {[%emt 0:00:07]} 6. Bd3 {[%emt 0:00:13]} d5 {[%emt 0:01:55]} 7. exd5 {[%emt 0:00:23]} cxd5 {[%emt 0:00:07]} 8. Bb5+ {[%emt 0:00:20]} Bd7 {[%emt 0:00:19]} 9. Bxd7+ {[%emt 0:00:13]} Qxd7 {[%emt 0:00:07]} 10. O-O {[%emt 0:00:21]} Be7 {[%emt 0:00:17]} 11. Nd2 {[%emt 0:00:30]} O-O {[%emt 0:00:56]} 12. b3 {[%emt 0:00:18]} a5 {[%emt 0:04:08]} 13. a4 {[%emt 0:00:32]} Qf5 {[%emt 0:01:43]} 14. Bb2 {[%emt 0:01:28]} c5 {[%emt 0:09:57]} 15. Nf3 {[%emt 0:12:24]} Rfd8 {[%emt 0:02:40]} 16. Re1 {[%emt 0:03:06]} Ne4 {[%emt 0:04:39]} 17. Qd3 {[%emt 0:01:47]} Bf6 {[%emt 0:04:48]} 18. Bxf6 {[%emt 0:03:23]} Qxf6 {[%emt 0:00:02]} 19. c4 {[%emt 0:06:12]} Qc3 {[%emt 0:04:36]} 20. Qxc3 {[%emt 0:05:34]} Nxc3 {[%emt 0:00:04]} 21. cxd5 {[%emt 0:00:28]} Rxd5 {[%emt 0:01:08]} 22. Rac1 {[%emt 0:10:13]} Na2 {[%emt 0:00:13]} 23. Rcd1 {[%emt 0:00:25]} Rxd1 {[%emt 0:21:05]} 24. Rxd1 {[%emt 0:00:08]} f6 {[%emt 0:00:01]} 25. Rd7 {[%emt 0:12:54]} c4 {[%emt 0:01:26]} 26. bxc4 {[%emt 0:01:38]} Nc3 {[%emt 0:01:01]} 27. c5 {[%emt 0:12:08]} Nxa4 {[%emt 0:00:44]} 28. c6 {[%emt 0:01:52]} Nc5 {[%emt 0:02:47]} 29. Rd6 {[%emt 0:03:50]} Na6 {[%emt 0:13:30]} 30. Nd2 {[%emt 0:04:37]} a4 {[%emt 0:02:24]} 31. Nc4 {[%emt 0:01:22]} Rb8 {[%emt 0:07:01]} 32. g3 {[%emt 0:00:47]} Rb1+ {[%emt 0:04:59]} 33. Kg2 {[%emt 0:00:07]} Rc1 {[%emt 0:00:02]} 34. c7 {[%emt 0:02:51]} Nxc7 {[%emt 0:00:54]} 35. Rd8+ {[%emt 0:00:08]} Kf7 {[%emt 0:00:29]} 36. Rd7+ {[%emt 0:00:02]} Ke6 {[%emt 0:00:14]} 37. Rxc7 {[%emt 0:00:05]} a3 {[%emt 0:00:07]} 38. f4 {[%emt 0:06:16]} f5 {[%emt 0:01:51]} 39. Ra7 1/2-1/2

[Event "49th Bosna Tournament 2019"]
[Site "Sarajevo/"]
[Date "2019.05.01"]
[Round "7.7"]
[White "Dizdarevic, Emir"]
[Black "Soysal, Serkan"]
[Result "1/2-1/2"]
[WhiteElo "2423"]
[BlackElo "2424"]
[Annotator "NA"]
[PlyCount "70"]
[EventDate "2019.03.31"]
[EventType "swiss"]
[EventCountry "BIH"]
[SourceTitle "playchess.com"]
[Source "ChessBase"]
[SourceQuality "1"]
[TimeControl "40/5400+30:1800+30"]

1. Nf3 Nf6 2. b3 g6 3. Bb2 Bg7 4. g3 d6 5. Bg2 e5 6. O-O O-O 7. c4 c5 8. Nc3 Nc6 9. d3 Bg4 10. h3 Be6 11. Ng5 Bd7 12. e3 h6 13. Nge4 Ne8 14. Nd5 f5 15. Nec3 Rb8 16. Rb1 Nf6 17. Qd2 Nxd5 18. Nxd5 b5 19. cxb5 Rxb5 20. Bc3 a5 21. a3 Kh7 22. b4 cxb4 23. axb4 Qb8 24. Rb2 axb4 25. Nxb4 Nxb4 26. Rxb4 Rxb4 27. Bxb4 f4 28. Rc1 f3 29. Bf1 h5 30. Ba3 Rc8 31. Rxc8 Qxc8 32. Qd1 Qf8 33. Qc1 Qb8 34. Qd1 Qf8 35. Qb3 Qa8 1/2-1/2

[Event "49th Bosna Tournament 2019"]
[Site "Sarajevo/"]
[Date "2019.05.01"]
[Round "7.8"]
[White "Savanovic, Aleksandar"]
[Black "Trumic, Enes"]
[Result "1-0"]
[WhiteElo "2423"]
[BlackElo "2241"]
[Annotator "NA"]
[PlyCount "40"]
[EventDate "2019.03.31"]
[EventType "swiss"]
[EventCountry "BIH"]
[SourceTitle "playchess.com"]
[Source "ChessBase"]
[SourceQuality "1"]
[TimeControl "40/5400+30:1800+30"]

1. e4 e5 2. Nf3 Nc6 3. Bb5 a6 4. Ba4 Nf6 5. O-O b5 6. Bb3 Bc5 7. c3 Bb6 8. d4 O-O 9. Nxe5 Na5 10. Bc2 d6 11. Nf3 Bg4 12. h3 Bh5 13. g4 Bg6 14. Bg5 Re8 15. Nbd2 Qd7 16. Bxf6 gxf6 17. Nh4 d5 18. Qf3 dxe4 19. Nxe4 Bxe4 20. Bxe4 Rad8 1-0

[Event "49th Bosna Tournament 2019"]
[Site "Sarajevo/"]
[Date "2019.05.01"]
[Round "7.9"]
[White "Borsuk, Konstantin"]
[Black "Maksimovic, Bojan"]
[Result "1-0"]
[WhiteElo "2368"]
[BlackElo "2288"]
[Annotator "NA"]
[PlyCount "39"]
[EventDate "2019.03.31"]
[EventType "swiss"]
[EventCountry "BIH"]
[SourceTitle "playchess.com"]
[Source "ChessBase"]
[SourceQuality "1"]
[TimeControl "40/5400+30:1800+30"]

1. c4 g6 2. Nc3 Bg7 3. d4 c5 4. d5 Bxc3+ 5. bxc3 f5 6. g4 fxg4 7. h3 g3 8. fxg3 d6 9. e4 Nf6 10. e5 dxe5 11. Bg2 Nbd7 12. Nf3 Qa5 13. O-O Qxc3 14. Bh6 Qxc4 15. Rc1 Qxd5 16. Qxd5 Nxd5 17. Nxe5 N5f6 18. Nxd7 Bxd7 19. Rxc5 Bc6 20. Rxc6 1-0